000 00575nam a22001697a 4500
999 _c60921
_d60921
005 20231117172855.0
008 231117s1990 ru ||||| |||| 00| 0 rus d
020 _a5020272884
041 _arus
080 _a94(37)(092) Ш-65
100 _aШифман, И.Ш.
_920431
245 _aЦезарь Август /
_cИ.Ш. Шифман.
264 _a Л.:
_bИздательство «Наука», Ленинградское отделение,
_c1990.
300 _a189 с.:
_bил;
_c20 см.
653 _aკეისარი ავგუსტი
942 _2udc
_cBK